The world of the prairie dog. (Record no. 259)

MARC details
000 -LEADER
fixed length control field 00907cam a2200277 4500
005 - DATE AND TIME OF LATEST TRANSACTION
control field 20260322212012.0
008 - FIXED-LENGTH DATA ELEMENTS--GENERAL INFORMATION
fixed length control field data
010 ## - LIBRARY OF CONGRESS CONTROL NUMBER
LC control number 70110650
040 ## - CATALOGING SOURCE
Original cataloging agency DLC
Transcribing agency DLC
Modifying agency DLC
042 ## - AUTHENTICATION CODE
Authentication code lcac
050 00 - LIBRARY OF CONGRESS CALL NUMBER
Classification number QL737.R68
Item number C68
082 00 - DEWEY DECIMAL CLASSIFICATION NUMBER
Classification number 599.3/232
092 ## - LOCALLY ASSIGNED DEWEY CALL NUMBER (OCLC)
Classification number 599.3 C68 1970
001 - CONTROL NUMBER
control field data
100 1# - MAIN ENTRY--PERSONAL NAME
Personal name Costello, David Francis,
Dates associated with a name 1904-
245 14 - TITLE STATEMENT
Title The world of the prairie dog.
Statement of responsibility, etc. David Francis Costello.
250 ## - EDITION STATEMENT
Edition statement [1st ed.]
260 ## - PUBLICATION, DISTRIBUTION, ETC.
Place of publication, distribution, etc. Philadelphia,
Name of publisher, distributor, etc. Lippincott
Date of publication, distribution, etc. [1970].
300 ## - PHYSICAL DESCRIPTION
Extent 160 p.
Other physical details illus., port.
Dimensions 27 cm.
350 ## - PRICE (NR) (BK AM CF MU VM SE) [OBSOLETE]
Price 5.95
490 0# - SERIES STATEMENT
Series statement Living world books
504 ## - BIBLIOGRAPHY, ETC. NOTE
Bibliography, etc. note Bibliography: p. 147-153.
520 ## - SUMMARY, ETC.
Summary, etc. Discusses the characteristics and behavior of prairie dogs, the ways in which the changing seasons affect their lives, their role in the ecological balance of their environment, and their relationship to man.
650 #0 - SUBJECT ADDED ENTRY--TOPICAL TERM
Topical term or geographic name entry element Prairie dogs.
650 #1 - SUBJECT ADDED ENTRY--TOPICAL TERM
Topical term or geographic name entry element Prairie dogs.
Holdings
Withdrawn status Lost status Damaged status Not for loan Home library Current library Shelving location Date acquired Total checkouts Full call number Barcode Date last seen Price effective from Koha item type
        Centerville Centerville General stacks 22/03/2026   599.3/232 BC0010268 22/03/2026 22/03/2026 Books